| 000 | 00507nam a2200157Ia 4500 | ||
|---|---|---|---|
| 008 | 151021s9999 xx 000 0 und d | ||
| 020 | _a2508265 | ||
| 050 | _aHC 685.Z9 E 54 1999 | ||
| 245 | _a_Environment and Development in Kenya Urbanization and management of kenyas urban centres in the 21st century | ||
| 260 | _aNairobi KNAS 1999 | ||
| 300 | _axix,198p. | ||
| 500 | _aIncludes index | ||
| 500 | _aIncludes index | ||
| 650 | _a_Urbanisation management | ||
| 980 | _a^d20150410 12:18:50^okorir | ||
| 999 |
_c15086 _d15086 |
||